000
00400nam a2200205Ia 4500
003
IT-RoPAU
008
120407s9999 xx 000 0 und d
040
_a
IT-RoPAU
040
_c
IT-RoPAU
041
_a
ita
100
_a
Angelo Gatti
245
_a
La terra.
250
_a
Milano
260
_a
Mondadori
260
_c
1943
300
_c
cm
490
_v
1
942
_c
BK
999
_c
14201
_d
14201